The Seated Man. Homo Sedens

Gespeichert in:
Bibliographische Detailangaben
1. Verfasser: Mandal, A.C (Verfasst von)
Format: Buch
Veröffentlicht: Klampenborg(Dánsko) : Dafnia, 1985
Schlagworte:
Tags: Tag hinzufügen
Keine Tags, Fügen Sie das erste Tag hinzu!

MARC

LEADER 00000nam a22000003a 4500
001 stu147482
005 20150617225936.8
008 071023s1985----------------------------d
020 |a 87-982017-1-9 
040 |a STU  |b slo 
041 0
100 1 |a Mandal, A.C.  |4 aut 
245 1 |a The Seated Man. Homo Sedens 
260 |a Klampenborg(Dánsko) :  |b Dafnia,  |c 1985 
300 |a 96 s 
650 7 |a stolička  |2 stusub 
650 7 |a chair  |2 estusub 
650 7 |a sedenie  |2 stusub 
650 7 |a kancelária  |2 stusub 
996 |b 284AU03736  |c A*5607 U  |l AAKNAR  |s A  |a 24  |w stu147482_0001